000
00271nam a22001217a 4500
082
_a
001
_b
SUR/Q
100
_a
SURESH, M F
245
_a
QUIZ FOR ALL
260
_a
THRISSUR
_b
H & C PUBLISHING HOUSE
_c
2005
300
_a
96
650
_a
GENERAL KNOWLEDGE
_z
INDIA
942
_c
BK
999
_c
6612
_d
6612